[Event "Borgo Thursday op"]
[Site "Borgo"]
[Date "2007.04.??"]
[Round "?"]
[White "Utrera, Ludovic"]
[Black "Alesandrini, Pierre"]
[Result "1-0"]
[WhiteElo "1720"]
[BlackElo "1010"]
[PlyCount "23"]
[EventDate "2007.04.03"]
[EventType "swiss"]
[EventRounds "5"]
[EventCountry "FRA"]
[SourceTitle "CBM 117 Extra"]
[Source "ChessBase"]
[SourceDate "2007.05.09"]
[SourceVersion "1"]
[SourceVersionDate "2007.05.09"]
[SourceQuality "1"]

1. e4 e5 2. Bc4 Bc5 3. Qh5 g6 4. Qxe5+ Kf8 5. Qxh8 Ke7 6. Qe5+ Kf8 7. Qxc5+ Kg7 8. b3 Nf6 9. Bb2 Kh6 10. Qe3+ Kh5 11. Be2+ Kh4 12. g3# 1-0